| 000 | 00867cam a22002774a 4500 | ||
|---|---|---|---|
| 999 |
_c7728 _d7728 |
||
| 001 | 7728 | ||
| 003 | BD-JhCC | ||
| 005 | 20181006181736.0 | ||
| 008 | 071026s2007 pk a b 001 0aeng | ||
| 035 | _a(BD-JhCC)7728 | ||
| 040 |
_aDLC _cDLC _dDLC _dBD-JhCC |
||
| 041 | _aeng | ||
| 050 | 0 | 0 |
_aDS385.A9 _bA33 2007 |
| 082 | _bAYU 2007 | ||
| 100 | 1 |
_aAyub Khan, Mohammad, _d1907-1974. |
|
| 245 | 1 | 0 |
_aFriends not masters : _ba political autobiography / _cMohammad Ayub Khan. |
| 260 |
_aIslamabad : _bMr. Books, _cc2006. |
||
| 300 |
_a296 p. : _bill. ; _c22 cm. |
||
| 504 | _aIncludes bibliographical references and index. | ||
| 600 | 1 | 0 |
_aAyub Khan, Mohammad, _d1907-1974. |
| 650 | 0 |
_aPresidents _zPakistan _vBiography. |
|
| 651 | 0 |
_aPakistan _xPolitics and government. |
|
| 651 | 0 |
_aPakistan _xPolitics and government _y1947-1971. |
|
| 942 |
_2ddc _cBK |
||